MARC details
| 000 -CABECERA |
| campo de control de longitud fija |
01686cab a2200313 ab4500 |
| 005 - FECHA Y HORA DE LA ÚLTIMA TRANSACCIÓN |
| campo de control |
20231106133509.0 |
| 008 - ELEMENTOS DE LONGITUD FIJA--INFORMACIÓN GENERAL |
| campo de control de longitud fija |
991125c2016 ck fr p o 000 0 spa d |
| 035 ## - NÚMERO DE CONTROL DEL SISTEMA |
| Número de control de sistema |
UPN01000218172 |
| 040 ## - FUENTE DE LA CATALOGACIÓN |
| Centro catalogador/agencia de origen |
MX-MxUPN |
| Lengua de catalogación |
spa |
| Centro/agencia transcriptor |
MX-MxUPN |
| Normas de descripción |
aacr2 |
| 049 ## - COLECCIÓN |
| Colección |
ART-E |
| 100 1# - ASIENTO PRINCIPAL--NOMBRE PERSONAL |
| Nombre de persona |
Jaramillo Quintero, Luisa Fernanda |
| 100 1# - ASIENTO PRINCIPAL--NOMBRE PERSONAL |
| Nombre de persona |
Henao Molsalve, Yuricsan Elisaman |
| 100 1# - ASIENTO PRINCIPAL--NOMBRE PERSONAL |
| Nombre de persona |
Arboleda Estrada, Natalia |
| 100 1# - ASIENTO PRINCIPAL--NOMBRE PERSONAL |
| Nombre de persona |
Zapata Díaz, Esteban |
| 100 1# - ASIENTO PRINCIPAL--NOMBRE PERSONAL |
| Nombre de persona |
Rodríguez Bustamante, Alexander |
| 245 10 - MENCIÓN DE TÍTULO |
| Título |
Idea de pareja, a propósito del uso de la tecnología |
| Medio |
[recurso electrónico en línea] |
| 506 0# - NOTA DE RESTRICCIONES AL ACCESO |
| Limitaciones de acceso |
Acceso abierto |
| 520 3# - NOTA DE RESUMEN, ETC. |
| Sumario, etc. |
Este artículo de reflexión, aborda las concepciones de pareja, tanto la tradicional como la moderna, teniendo en cuenta la transformación del término, en algunos periodos específicos del tiempo; se hace una descripción categórica de las clases de amor y cómo éstas se pueden ver inmersas en las dinámicas de dichas relaciones; asimismo, se expone el auge de la tecnología, sus implicaciones en la comunicación, y su relación con las diferentes generaciones; por último, se da a conocer la influencia de la tecnología en las relaciones de pareja y cómo ésta se puede ver afectada o beneficiada con el uso de la misma. Poiesis. |
| 653 0# - TERMINO DE INDIZACION - NO CONTROLADO |
| Término no controlado |
Pareja |
| 653 0# - TERMINO DE INDIZACION - NO CONTROLADO |
| Término no controlado |
Amor |
| 653 0# - TERMINO DE INDIZACION - NO CONTROLADO |
| Término no controlado |
Conceptos |
| 653 0# - TERMINO DE INDIZACION - NO CONTROLADO |
| Término no controlado |
Tecnología |
| 653 0# - TERMINO DE INDIZACION - NO CONTROLADO |
| Término no controlado |
Relaciones interpersonales |
| 773 ## - ENLACE AL DOCUMENTO FUENTE/ENTRADA DE REGISTRO ANFITRIÓN |
| Parte(s) relacionada(s) |
No. 30 (2016), p. 117-123 |
| Título |
Poiesis: revista electrónica de psicología social |
| Número Internacional Normalizado para Publicaciones Seriadas |
1692-0945 |
| 856 4# - LOCALIZACIÓN Y ACCESO ELECTRÓNICOS |
| Identificador Uniforme del Recurso |
<a href="http://www.funlam.edu.co/revistas/index.php/poiesis/article/view/1848/1473">http://www.funlam.edu.co/revistas/index.php/poiesis/article/view/1848/1473</a> |
| 902 ## - ELEMENTOS DE DATOS B LOCAL, LDB (RLIN) |
| Modificó |
Leonor Sotres/061123 |
| 905 ## - TIPO DE MATERIAL |
| Tipo de material |
Articulo |
| 942 ## - ELEMENTOS DE PUNTO DE ACCESO ADICIONAL (KOHA) |
| Tipo de ítem Koha |
Artículo Electrónico |